|
|
|
|
| LEADER |
00981nam a2200265 a 4500 |
| 001 |
c000034816 |
| 003 |
CARM |
| 005 |
00000000000000.0 |
| 008 |
721025s1972 ilua b 00110 eng |
| 019 |
1 |
|
|a 89109
|5 LACONCORD2021
|
| 020 |
|
|
|a 0398025185
|
| 035 |
|
|
|a (OCoLC)496946
|5 LACONCORD2021
|
| 040 |
|
|
|d NNCU
|
| 050 |
0 |
0 |
|a RM301
|b .K6
|
| 082 |
1 |
|
|a 615/.7
|2 19
|
| 245 |
0 |
0 |
|a Absorption, distribution, transformation and excretion of drugs /
|c by Peter K. Knoefel, editor, ... [et al.]
|
| 260 |
|
|
|a Springfield, Ill. :
|b Thomas,
|c c1972.
|
| 300 |
|
|
|a x, 210 p. :
|b ill. ;
|c 24 cm.
|
| 504 |
|
|
|a Includes bibliographies.
|
| 650 |
|
0 |
|a Drugs
|x Metabolism.
|
| 650 |
|
2 |
|a Drugs
|x Metabolism.
|
| 700 |
1 |
|
|a Knoefel, Peter K.
|q (Peter Klerner),
|d 1906-
|
| 852 |
8 |
|
|b CARM
|h A2:AD32A0
|i B00007
|p 0000114
|f BK
|
| 999 |
f |
f |
|i 55f02a19-bb3f-5b11-8a32-9dbe3e7df172
|s 0c5e7d39-8c10-597c-b2ae-525a7e805235
|
| 952 |
f |
f |
|p Can circulate
|a CAVAL
|b CAVAL
|c CAVAL
|d CARM 1 Store
|e B00007
|f A2:AD32A0
|h Other scheme
|i book
|m 0000114
|